000 00701nam a2200241Ia 4500
003 OSt
005 20220918174347.0
006 a|||||r|||| 00| 0
007 ta
008 220917b |||||||| |||| 00| 0 eng d
024 _a11,772
037 _cTextual
040 _aARTS
_cARTS
_beng
041 _2eng
_aeng
082 _aMK311, G9
100 _aPetersen W E
_950134
245 0 _aDairy science, its principles and practice in production, management and proceeding, ed by R W Gregory
260 _c1939
490 _aLippincott's agricultiral science series; 2
650 _aLIVESTOCK INDUSTRY
_9196
942 _hMK311, G9
_cTEXL
_2CC
999 _c152858
_d152858